Statistiques concernant Culture Générale - Série 361

Cliquez ici pour prendre le quiz!

Statistiques générales

  • Ce quiz a été pris 75 fois
  • Le résultat moyen est 8 sur 10

Statistiques - réponses

QuestionRéponse% Correct
En 1935, quel géophysicien américain a donné son nom à l'échelle mesurant la magnitude d'un séisme ?Charles Francis Richter
94%
Quel est le nom italien de la ville de Turin ?Torino
83%
Quel programme télévisé a révélé les chanteuses Jenifer, Nolwenn Leroy et Elodie Frégé ?La Star Academy
82%
Quelle ville de Belgique est aussi appelée "la Venise du Nord" ?Bruges
80%
Quel célèbre organisme judiciaire américain John Edgar Hoover dirigea-t-il de 1924 à 1972 ?Le FBI
80%
Chez l'homme, quel nom porte la cellule reproductrice mâle aussi appelée gamète ?Le Spermatozoïde
76%
Face à quel tennisman Mats Wilander s'est-il incliné en finale de Roland-Garros en 1983 ?Yannick Noah
72%
De quel club de football de Ligue 1 Jean-Michel Aulas est-il le président ?L'Olympique lyonnais
68%
Avec quelle ancienne championne de tennis Andre Agassi est-il marié ?Steffi Graf
65%
Dans "Les Misérables" de Victor Hugo, quel est le prénom de la mère de Cosette ?Fantine
58%

Distribution des résultats

Percentile par nombre de réponses

% des personnes avec chaque résultat

Votre développement - résultats

Vous n’avez pas pris ce quiz